000 00649nam a22002177a 4500
005 20170124110008.0
010 _aB-165873
020 _c115.00
035 _aB-165873
037 _bCen Lib/Ret
040 _aDPL
_bEN
082 _a350.75
_bSAM
100 _aSamar Singh
_917179
245 _aMaintenance of public order :
_cby Samar Singh
_ba source book /
260 _aNew Delhi
_bNational book trust ,India
_c2004
270 _aA-5,Green Park
_bNew Delhi
_e110016
300 _axvii,153p.
_c22cm(Hb)
650 _aPolitical science
_989713
650 _aPublic policy (Law)
_zIndia
_917181
942 _2ddc
_cEN
_h350.75
_mSAM
999 _c126302
_d126302